Prénoms anglais 2 (click quiz) - Statistiques

Statistiques générales
  • Ce quiz a été pris 109 fois
  • Le résultat moyen est 6 sur 8
Statistiques - réponses
Hint Réponse % Correct
Cherry Cerise
99%
Felicity Félicité
93%
Christian Chrétien
90%
Faith Foi
80%
Dean Doyen
78%
Cliff Falaise
74%
Dawn Aube
63%
Heather Bruyère
47%
Aucun quiz correspondant
Distribution des résultats
% des personnes avec chaque résultat
Percentile par nombre de réponses
Votre historique - résultats
Vous n’avez pas pris ce quiz